|
|
|
|
| LEADER |
02047nem a2200529 a 4500 |
| 001 |
000702709 |
| 003 |
CZ BrMZK |
| 005 |
20071015124006.0 |
| 007 |
a c |
| 008 |
040113s2003 xr XX 0 cze d |
| 015 |
|
|
|a cnb001298361
|
| 020 |
|
|
|a 80-86170-19-5
|q (složeno)
|
| 034 |
1 |
|
|a a
|b 25000
|
| 040 |
|
|
|a BOA001
|b cze
|
| 043 |
|
|
|a e-xr---
|b e-xr-st
|b e-xr-cc
|b e-xr-us
|2 czenas
|
| 072 |
|
7 |
|a 913(4)
|x Geografie Evropy, reálie, cestování
|2 Konspekt
|9 7
|
| 080 |
|
|
|a 796.51
|2 MRF
|
| 080 |
|
|
|a 913(437.312)
|2 MRF
|
| 080 |
|
|
|a 913(437.31-17)
|2 MRF
|
| 080 |
|
|
|a 913(437.315)
|2 MRF
|
| 080 |
|
|
|a 912.43:796.5
|2 MRF
|
| 080 |
|
|
|a (084.3)
|2 MRF
|
| 245 |
0 |
0 |
|a Kokořínsko
|h [kartografický dokument] :
|b chráněná krajinná oblast : Liběchovsko : Dubské a mšenské skály : Máchovo jezero : Úštecko : turistická mapa /
|c [zpracoval Český úřad zeměměřický a katastrální]
|
| 246 |
3 |
3 |
|a Úštecko
|
| 246 |
3 |
3 |
|a Chráněnná krajinná oblast Kokořínsko
|
| 246 |
3 |
3 |
|a Liběchovsko
|
| 246 |
3 |
3 |
|a Dubské a mšenské skály
|
| 246 |
3 |
3 |
|a Máchovo jezero
|
| 250 |
|
|
|a 1. vyd.
|
| 255 |
|
|
|a 1:25000
|
| 260 |
|
|
|a Mělník :
|b ROSY,
|c 2003
|
| 300 |
|
|
|a 1 oboustranná mapa :
|b barev. il. ;
|c 58 x 96 cm složená na 20 x 13 cm
|
| 500 |
|
|
|a Digitální kartografie
|
| 500 |
|
|
|a Stručný vlastivědný text
|
| 500 |
|
|
|a 5000 výt.
|
| 650 |
0 |
7 |
|a pěší turistika
|7 ph124864
|z Česko
|2 czenas
|
| 655 |
|
7 |
|a turistické mapy
|7 fd133737
|2 czenas
|
| 651 |
|
4 |
|a Mšenské skály (Česko)
|
| 651 |
|
7 |
|a Dubské skály (Česko)
|7 ge129093
|2 czenas
|
| 651 |
|
7 |
|a Kokořín (Česko : oblast)
|7 ge128501
|2 czenas
|
| 651 |
|
7 |
|a Liběchov (Česko : oblast)
|7 ge129815
|2 czenas
|
| 651 |
|
7 |
|a Máchovo jezero (Česko)
|7 ge130121
|2 czenas
|
| 651 |
|
7 |
|a Úštěk (Česko : oblast)
|7 ge234327
|2 czenas
|
| 710 |
2 |
|
|a Český úřad zeměměřický a katastrální
|7 mzk2004217229
|
| 910 |
|
|
|a BOA001
|b Mp2-1127.811
|
| 990 |
|
|
|a MP
|
| 996 |
6 |
|
|b 2610210236
|c Mp2-1127.811
|l MZK
|r Sklad / do 1 hodiny
|n 1
|p p.v.
|w 000702709
|u 000010
|a 1
|e BOA001
|j MZK50
|s P
|